| 000 | 01599nam1a2200289 i 4500 | ||
|---|---|---|---|
| 001 | RU\NLR\BIBL_A\012523245 | ||
| 005 | 20260405064052.0 | ||
| 035 | _a(NLR Aleph) 012523245 | ||
| 090 |
_a12333637 _c12333637 |
||
| 100 | _a20210513g20139999k y0rusy50 ca | ||
| 101 | 0 | _arus | |
| 102 | _aRU | ||
| 105 | _a z | ||
| 181 | 0 |
_ai _baxxe |
|
| 182 | 0 | _an | |
| 200 | 1 |
_aИскусство театра: вчера. Сегодня. Завтра. _eсборник статей _fМинистерство культуры Российской Федерации, Федеральное государственное бюджетное образовательное учреждение высшего профессионального образования "Екатеринбургский государственный театральный институт" _gпод редакцией проф. В. Г. Бабенко |
|
| 203 |
_aТекст _bвизуальный _cнепосредственный |
||
| 210 |
_aМосква _aЕкатеринбург _cКабинетный ученый _d2013 |
||
| 215 | _d20 | ||
| 606 |
_aТеатр _jСборники _9926693 _3RU\NLR\AUTH\6621912 |
||
| 686 | 1 | _aЩ33я43 | |
| 702 | 1 |
_4340 _8rus _7ca _aБабенко _bВ. Г. _f1946- _gВладимир Гаврилович _3RU\NLR\AUTH\7722361 _95420 |
|
| 712 | 0 | 2 |
_4570 _aЕкатеринбургский государственный театральный институт _9749480 _3RU\NLR\AUTH\880542584 |
| 852 |
_aNLR _j2021-3/10445 |
||
| 942 | _cBOOK | ||